La constitución de la democracia española y el problema regional
Guardat en:
| Autor principal: | |
|---|---|
| Format: | Llibre |
| Idioma: | espanyol |
| Publicat: |
Buenos Aires
Losada
1946
|
| Col·lecció: | Cristal del Tiempo
|
| Matèries: | |
| Etiquetes: |
Afegir etiqueta
Sense etiquetes, Sigues el primer a etiquetar aquest registre!
|
MARC
| LEADER | 00000nam a2200000 a 4500 | ||
|---|---|---|---|
| 001 | UCO1288 | ||
| 003 | CL-VaPUC | ||
| 008 | 000512e19460000AG |||||||||||||||||spa|d | ||
| 082 | 0 | 4 | |a 320.446 |b JIM |2 21 |
| 100 | |a Jiménez de Asúa, Luis |e author |9 383442 | ||
| 245 | 1 | 3 | |a La constitución de la democracia española y el problema regional |
| 300 | |a 194 p | ||
| 942 | |c BK | ||
| 945 | |d 20000512 00:00:00 |a rherrera | ||
| 260 | |a Buenos Aires |b Losada |c 1946 | ||
| 650 | 0 | |a Derecho constitucional |9 222588 | |
| 650 | 7 | |a CONSTITUCION ESPAÑOLA DE 1931 |2 CL-VaPUC |9 443262 | |
| 650 | 0 | |a Regionalización |9 255465 | |
| 650 | 7 | |a DERECHO ESPAÑOL SIGLO 20 |2 CL-VaPUC |9 443263 | |
| 651 | 0 | |a España |9 254926 | |
| 583 | |a last modification |c 20160912 03:55:38 |k Rodrigo Vera | ||
| 490 | 0 | |a Cristal del Tiempo | |
| 999 | |c 287916 |d 287914 | ||
| 952 | |0 0 |1 0 |4 0 |6 320_446000000000000_JIM_1946 |7 0 |8 X |9 335009 |a BIBHIS |b BIBHIS |d 2019-11-20 |i 1269399 |o 320.446 JIM 1946 |p 1269399 |r 2024-01-30 |w 2019-11-20 |y BK_X |k HIS | ||